<?xml version="1.0" encoding="UTF-8"?>
<record
    xmlns:xsi="http://www.w3.org/2001/XMLSchema-instance"
    xsi:schemaLocation="http://www.loc.gov/MARC21/slim http://www.loc.gov/standards/marcxml/schema/MARC21slim.xsd"
    xmlns="http://www.loc.gov/MARC21/slim">

  <leader>02826cam a2200349 a 4500</leader>
  <controlfield tag="001">16117939</controlfield>
  <controlfield tag="003">OSt</controlfield>
  <controlfield tag="005">20230915140038.0</controlfield>
  <controlfield tag="008">100304s2011    ilua     b    001 0 eng  </controlfield>
  <datafield tag="010" ind1=" " ind2=" ">
    <subfield code="a">  2010008782</subfield>
  </datafield>
  <datafield tag="015" ind1=" " ind2=" ">
    <subfield code="a">GBB0A4416</subfield>
    <subfield code="2">bnb</subfield>
  </datafield>
  <datafield tag="016" ind1="7" ind2=" ">
    <subfield code="a">015639074</subfield>
    <subfield code="2">Uk</subfield>
  </datafield>
  <datafield tag="020" ind1=" " ind2=" ">
    <subfield code="a">9780736081672 (hard cover)</subfield>
  </datafield>
  <datafield tag="020" ind1=" " ind2=" ">
    <subfield code="a">0736081674 (hard cover)</subfield>
  </datafield>
  <datafield tag="035" ind1=" " ind2=" ">
    <subfield code="a">(OCoLC)ocn544474648</subfield>
  </datafield>
  <datafield tag="040" ind1=" " ind2=" ">
    <subfield code="a">DLC</subfield>
    <subfield code="c">DLC</subfield>
    <subfield code="d">YDX</subfield>
    <subfield code="d">YDXCP</subfield>
    <subfield code="d">CDX</subfield>
    <subfield code="d">UKM</subfield>
    <subfield code="d">TLE</subfield>
    <subfield code="d">DLC</subfield>
  </datafield>
  <datafield tag="042" ind1=" " ind2=" ">
    <subfield code="a">pcc</subfield>
  </datafield>
  <datafield tag="050" ind1="0" ind2="0">
    <subfield code="a">GV713</subfield>
    <subfield code="b">.C66 2011</subfield>
  </datafield>
  <datafield tag="082" ind1="0" ind2="0">
    <subfield code="a">796.069</subfield>
    <subfield code="b">PED/C</subfield>
  </datafield>
  <datafield tag="245" ind1="0" ind2="0">
    <subfield code="a">Contemporary sport management /</subfield>
    <subfield code="c">Paul M. Pedersen...[et al.], editors.</subfield>
  </datafield>
  <datafield tag="250" ind1=" " ind2=" ">
    <subfield code="a">4th ed.</subfield>
  </datafield>
  <datafield tag="260" ind1=" " ind2=" ">
    <subfield code="a">Champaign, IL :</subfield>
    <subfield code="b">Human Kinetics,</subfield>
    <subfield code="c">c2011.</subfield>
  </datafield>
  <datafield tag="300" ind1=" " ind2=" ">
    <subfield code="a">xvii, 461 p. :</subfield>
    <subfield code="b">ill. (chiefly col.) ;</subfield>
    <subfield code="c">29 cm.</subfield>
  </datafield>
  <datafield tag="504" ind1=" " ind2=" ">
    <subfield code="a">Includes bibliographical references and index.</subfield>
  </datafield>
  <datafield tag="505" ind1="0" ind2=" ">
    <subfield code="a">Managing sport in the 21st century / Janet B. Parks, Jerome Quarterman, Lucie Thibault -- Developing a professional perspective / Sally R. Ross, Kathryn S. Hoff, JoAnn Kroll -- Historical aspects of the sport business industry / Lawrence W. Fielding, Paul M. Pedersen, Brenda G. Pitts -- Management concepts and practice in sport organizations / Lucie Thibault, Jerome Quarterman -- Managerial leadership in sport organizations / Jerome Quarterman, Ming Li, Lucie Thibault -- Professional sport / James (Jay) M. Gladden, William A. Sutton -- Intercollegiate athletics / Ellen J. Staurowsky, Robertha Abney -- Interscholastic athletics / Warren A. Whisenant, Eric W. Forsyth -- Youth and community sport / Marlene A. Dixon, Jennifer E. Bruening -- Sport management and marketing agencies / William A. Sutton , Nicole Fowler, Mark A. McDonald -- Sport tourism / Heather Gibson, Sheranne Fairley -- Sport marketing / F. Wayne Blann, Ketra L. Armstrong -- Communication in the sport industry / G. Clayton Stoldt, Stephen W. Dittmore, Paul M. Pedersen -- Finance and economics in the sport industry / Timothy D. DeSchriver, Daniel F. Mahony -- Sport facility and event management / Robin Ammon, Jr., David K. Stotlar -- Sport consumer behavior / B. Christine Green, Carla A. Costa -- Legal considerations in sport management / Anita M. Moorman, R. Christopher Reynolds -- Sociological aspects of sport / Nicole M. Lavoi, Mary Jo Kane -- A North American perspective in international sport / Ted G. Fay, Luisa Velez, Janet B. Parks -- Sport management questions and research / Jess C. Dixon, Wendy Frisby, Robert L. Boucher.</subfield>
  </datafield>
  <datafield tag="650" ind1=" " ind2="0">
    <subfield code="a">Sports administration.</subfield>
  </datafield>
  <datafield tag="650" ind1=" " ind2="0">
    <subfield code="a">Physical education and training</subfield>
    <subfield code="x">Administration.</subfield>
  </datafield>
  <datafield tag="700" ind1="1" ind2=" ">
    <subfield code="a">Pedersen, Paul Mark.</subfield>
  </datafield>
  <datafield tag="906" ind1=" " ind2=" ">
    <subfield code="a">7</subfield>
    <subfield code="b">cbc</subfield>
    <subfield code="c">orignew</subfield>
    <subfield code="d">1</subfield>
    <subfield code="e">ecip</subfield>
    <subfield code="f">20</subfield>
    <subfield code="g">y-gencatlg</subfield>
  </datafield>
  <datafield tag="942" ind1=" " ind2=" ">
    <subfield code="2">ddc</subfield>
    <subfield code="c">BK</subfield>
    <subfield code="h">796.069</subfield>
    <subfield code="i">PED/C</subfield>
    <subfield code="k">796.069</subfield>
    <subfield code="m">PED/C</subfield>
  </datafield>
  <datafield tag="952" ind1=" " ind2=" ">
    <subfield code="0">0</subfield>
    <subfield code="1">0</subfield>
    <subfield code="2">ddc</subfield>
    <subfield code="4">0</subfield>
    <subfield code="7">0</subfield>
    <subfield code="8">SPORTS AND GAMES</subfield>
    <subfield code="a">MES</subfield>
    <subfield code="b">MES</subfield>
    <subfield code="c">PHYS</subfield>
    <subfield code="d">2023-09-15</subfield>
    <subfield code="l">0</subfield>
    <subfield code="o">796.069 PED/C</subfield>
    <subfield code="p">42429</subfield>
    <subfield code="r">2023-09-15 14:01:29</subfield>
    <subfield code="v">6413.00</subfield>
    <subfield code="w">2023-09-15</subfield>
    <subfield code="y">BK</subfield>
    <subfield code="z">U22R1</subfield>
  </datafield>
  <datafield tag="999" ind1=" " ind2=" ">
    <subfield code="c">42484</subfield>
    <subfield code="d">42484</subfield>
  </datafield>
</record>
